Renovación (Record no. 80879)

MARC details
000 -LEADER
campo de control de longitud fija 00651nam a2200205 i 4500
001 - NÚMERO DE CONTROL
campo de control 80879
003 - IDENTIFICADOR DE NÚMERO DE CONTROL
campo de control ES-MaACL
005 - FECHA Y HORA DE LA ÚLTIMA TRANSACCIÓN
campo de control 20250830111225.0
007 - CAMPO FIJO DE DESCRIPCIÓN FÍSICA--INFORMACIÓN GENERAL
campo de control de longitud fija t|
008 - DATOS DE LONGITUD FIJA--INFORMACIÓN GENERAL
campo de control de longitud fija 041102s1967 sp ||||1| spa d
100 1# - ENTRADA PRINCIPAL--NOMBRE DE PERSONA
Nombre de persona Houtart, François.
9 (RLIN) 64361
245 10 - MENCIÓN DEL TÍTULO
Título Renovación
Resto del título : la Iglesia ante el futuro /
Mención de responsabilidad, etc. François Houtart ; [versión de Enrique Martí Lloret].
260 ## - PUBLICACIÓN, DISTRIBUCIÓN, ETC.
Lugar de publicación, distribución, etc. Barcelona :
Nombre del editor, distribuidor, etc. Herder,
Fecha de publicación, distribución, etc. 1967.
300 ## - DESCRIPCIÓN FÍSICA
Extensión 230 p. ;
Dimensiones 20 cm.
610 24 - PUNTO DE ACCESO ADICIONAL DE MATERIA--NOMBRE DE ENTIDAD CORPORATIVA
Nombre de entidad corporativa o nombre de jurisdicción como elemento de entrada Iglesia Católica
9 (RLIN) 4639
650 #4 - PUNTO DE ACCESO ADICIONAL DE MATERIA--TÉRMINO DE MATERIA
Término de materia o nombre geográfico como elemento de entrada Cristianismo-
Subdivisión general Historia-
Subdivisión cronológica S.XX.
9 (RLIN) 160094
700 1# - ENTRADA AGREGADA--NOMBRE PERSONAL
Nombre de persona Martí Lloret, Enrique.
9 (RLIN) 77223
852 ## - LOCALIZACIÓN
Ubicación ES-MaACL
Número de control de estantería C-32789
Holdings
Estatus retirado Estado de pérdida Estado de daño No para préstamo Biblioteca de origen Biblioteca actual Ubicación en estantería Fecha de adquisición Fuente de adquisición Total de préstamos Signatura topográfica completa Código de barras Visto por última vez Precio de reemplazo Tipo de ítem Koha
        Biblioteca del Ateneo de Madrid Biblioteca del Ateneo de Madrid Depósito 2 17/01/2008     C-32789 1084555 23/02/2023 23/02/2023 Libro impreso